00703nam a2200205 a 450000100100000000500170001000800410002702000180006804000250008608200140011110000360012524500790016126000490024030000210028949000290031050000320033950000560037170000410042783000290046800003464720200930073821.0111012s2008 ck r 000 0 spa d a9789583001062 aDO-SdBNPbspacBNPHU axxxbxxxx1 aIngenieros, José,d1877-1925.10aEl hombre mediocre /cJosé Ingenieros; edición Gabriel Silva Rincón. aSanta Fe de Bogotá :bPanamericana,c2008. a243 p. ;c21 cm.1 aFilosofía y política aDecimatercera reimpresión aIncluye datos del autor en la solapa de la cubierta1 aSilva Rincón, Gabriel,d1955-eed. 0aFilosofía y política